000 00289nam a22001337a 4500
008 170320b xxu||||| |||| 00| 0 eng d
020 _a9780781791212
041 _aeng
080 _a616.8
100 _a7
101 _aSHM
245 _aESSENTIAL NEUROSCIENCE
_cSIEGEL.A
942 _2udc
_cBK
999 _c8047
_d8047